| 000 | 00377nam a2200145Ia 4500 | ||
|---|---|---|---|
| 008 | 230718s9999 xx 000 0 und d | ||
| 041 | _aeng | ||
| 082 |
_a658 _bDAL |
||
| 100 |
_aDalal S. _9161813 |
||
| 245 | _aSmall Cap 400 The Large Caps Of Tomorrow | ||
| 260 | _bRadam House Inc | ||
| 365 |
_cRs. _b299.00 |
||
| 700 |
_aDalal S. _9161813 |
||
| 906 |
_dB:224418-Oct-2007 _cOTH |
||
| 999 |
_c317984 _d317984 |
||